Traité theorique et pratique d'organisation judiciaire de competence et de procedure civile / (Record no. 72568)

MARC details
000 -LEADER
campo de control de longitud fija 00591nam a2200181 i 4500
001 - NÚMERO DE CONTROL
campo de control 72568
003 - IDENTIFICADOR DE NÚMERO DE CONTROL
campo de control ES-MaACL
005 - FECHA Y HORA DE LA ÚLTIMA TRANSACCIÓN
campo de control 20230906171458.0
007 - CAMPO FIJO DE DESCRIPCIÓN FÍSICA--INFORMACIÓN GENERAL
campo de control de longitud fija t|
008 - DATOS DE LONGITUD FIJA--INFORMACIÓN GENERAL
campo de control de longitud fija 040901s1926 fr ||||1| fre d
100 1# - ENTRADA PRINCIPAL--NOMBRE DE PERSONA
Nombre de persona Glasson, Ernest-Désiré.
9 (RLIN) 57412
245 10 - MENCIÓN DEL TÍTULO
Título Traité theorique et pratique d'organisation judiciaire de competence et de procedure civile /
Mención de responsabilidad, etc. par Rnest Glasson et Albert Tissier.
250 ## - MENCION DE EDICION
Mención de edición 3éme ed.
260 ## - PUBLICACIÓN, DISTRIBUCIÓN, ETC.
Lugar de publicación, distribución, etc. [S.l. :
Nombre del editor, distribuidor, etc. s.n.],
Fecha de publicación, distribución, etc. 1926 (
Lugar de fabricación/manufactura Mayenne :
Fabricante Imp. F. Coch)
300 ## - DESCRIPCIÓN FÍSICA
Extensión 2 v. ;
Dimensiones 23 cm.
700 1# - ENTRADA AGREGADA--NOMBRE PERSONAL
Nombre de persona Tissier, Albert.
9 (RLIN) 110339
852 ## - LOCALIZACIÓN
Ubicación ES-MaACL
Número de control de estantería F-4460
Holdings
Estatus retirado Estado de pérdida Estado de daño No para préstamo Biblioteca de origen Biblioteca actual Ubicación en estantería Fecha de adquisición Fuente de adquisición Total de préstamos Signatura topográfica completa Código de barras Visto por última vez Precio de reemplazo Tipo de ítem Koha
        Biblioteca del Ateneo de Madrid Biblioteca del Ateneo de Madrid Depósito 2 17/01/2008     F-4460 1075969 23/02/2023 23/02/2023 Libro impreso